000 00685nam a2200289Ia 4500
005 20260324132232.0
008 008 260324s9999 xx 000 0 eng d
020 _a9781351153041
037 _aEBOOK
040 _aCRL
040 _beng
040 _cCRL
041 _2eng
041 _aeng
084 _qCRL
100 _aJonathan H. Ping
_91188519
245 0 _aMiddle Power Statecraft
245 0 _bIndonesia, Malaysia and the Asia-Pacific
260 _bTaylor and Francis
260 _c2005
365 _a
365 _b230
856 _uhttp://www.taylorfrancis.com/books/9781351153041
942 _cEBOOK
999 _c1786457
_d1786457